finish the meme - Statistics

General Stats
  • This quiz has been taken 627 times
  • The average score is 4 of 11
Answer Stats
part 1 Answer % Correct
whats 9+10 21
77%
smoke weed everyday
71%
my name is jeff
70%
and his name is john cena
66%
lets do the fork in the garbage disposal
30%
rko from outta nowhere
14%
get low when the whistle blows
10%
what ya gonna do with that dessert
8%
at night i think of you
7%
you want some i'll give it ya
4%
people with short red hair feminist
2%
No matching quizzes found
Score Distribution
Percent of People with Each Score
Percentile by Number Answered
Your Score History
You have not taken this quiz